| Tag |
First Indicator |
Second Indicator |
Subfields |
| LEADER |
00000cam a22000008a 4500 |
| 001 |
in00000028076 |
| 005 |
20151007055952.0 |
| 008 |
870417s1988 ctua b 00110 eng |
| 010 |
|
|
|a 87010669
|
| 020 |
|
|
|a 0300040253
|
| 035 |
|
|
|a (OCoLC)15629069
|
| 035 |
|
|
|9 AAB9765AM
|
| 040 |
|
|
|a DLC
|c DLC
|d TXA
|d UtOrBLW
|
| 043 |
|
|
|a e-it---
|
| 049 |
|
|
|a TXAM
|c [A11693334]
|
| 050 |
0 |
0 |
|a ND1452.I8
|b B76 1988
|
| 082 |
0 |
|
|a 759.5/31
|2 19
|
| 100 |
1 |
|
|a Brown, Patricia Fortini,
|d 1936-
|
| 245 |
1 |
0 |
|a Venetian narrative painting in the age of Carpaccio /
|c by Patricia Fortini Brown.
|
| 263 |
|
|
|a 8805
|
| 264 |
|
1 |
|a New Haven :
|b Yale University Press,
|c 1988.
|
| 300 |
|
|
|a 310 pages :
|b illustrations (some color)
|
| 336 |
|
|
|a text
|b txt
|2 rdacontent
|
| 337 |
|
|
|a unmediated
|b n
|2 rdamedia
|
| 338 |
|
|
|a volume
|b nc
|2 rdacarrier
|
| 504 |
|
|
|a Bibliography: pages 299-306.
|
| 500 |
|
|
|a Includes index.
|
| 650 |
|
0 |
|a Narrative painting, Italian
|z Italy
|z Venice
|x Themes, motives.
|
| 650 |
|
0 |
|a Narrative painting, Renaissance
|z Italy
|z Venice
|x Themes, motives.
|
| 600 |
1 |
0 |
|a Carpaccio, Vittore,
|d 1455?-1525?
|x Themes, motives.
|
| 600 |
1 |
0 |
|a Bellini, Gentile,
|d -1507
|x Themes, motives.
|
| 650 |
|
0 |
|a Art and society
|z Italy
|z Venice.
|
| 999 |
|
|
|a MARS
|
| 999 |
f |
f |
|s 9e82d41e-178c-3799-af16-62dd93896af5
|i 74e67eaf-182a-3ff9-a041-43ef3f0c80fb
|t 0
|
| 952 |
f |
f |
|p normal
|a Texas A&M University
|b College Station
|c Sterling C. Evans Library
|d Evans: Library Stacks
|t 0
|e ND1452.I8 B76 1988
|h Library of Congress classification
|i unmediated -- volume
|m A14811693334
|
| 998 |
f |
f |
|a ND1452.I8 B76 1988
|t 0
|l Evans: Library Stacks
|